Riadenie ľudských zdrojov vo vybranom podniku bakalárska práca

Na minha lista:
Detalhes bibliográficos
Autor principal: Šmelková, Lucia
Autor Corporativo: Fakulta podnikového manažmentu EU. Katedra manažmentu
Outros Autores: Tarišková, Natália, 1973-
Formato: Livro
Idioma:eslovaco
Publicado em: Bratislava 2023
Tags: Adicionar Tag
Sem tags, seja o primeiro a adicionar uma tag!

MARC

LEADER 00000nbm a2200000 4500
001 0295930
005 20240220104040.2
041 0 |a slo 
044 |a SK 
245 1 0 |a Riadenie ľudských zdrojov vo vybranom podniku  |b bakalárska práca  |c Lucia Šmelková ; školiteľ: Natália Tarišková 
264 1 |a Bratislava  |c 2023 
300 |a 46 s. 
100 1 |a Šmelková, Lucia 
700 1 |a Tarišková, Natália, 1973- 
710 2 |a Fakulta podnikového manažmentu EU. Katedra manažmentu